Kierowcy F1 którzy wygrali wyścig (2020-2025) - Statystyki

Ogólne statystyki
  • Ten quiz został rozwiązany 53 razy
  • Średni wynik to 11 z 12
Statystyki odpowiedzi
Zespół Rok Odpowiedź % Poprawnych
Mercedes 2020,2021,2024 Hamilton
100%
Red Bull 2020,2021,2022,2023,2024,2025 Verstappen
100%
Racing Point, Red Bull 2020,2021,2022,2023 Perez
96%
Mercedes 2020,2021 Bottas
94%
Ferrari 2022,2024 Leclerc
94%
McLaren 2024,2025 Norris
94%
McLaren 2024,2025 Piastri
94%
Ferrari 2022,2023,2024 Sainz
94%
Alphatauri 2020 Gasly
91%
Alpine 2021 Ocon
91%
Mercedes 2022,2024,2025 Russell
91%
Renault, McLaren 2020,2021 Ricciardo
89%
Nie znaleziono quizów pasujących do podanych kryteriów
Rozkład punktacji
Procent ludzi z każdym wynikiem
Percentyl według liczby udzielonych odpowiedzi
Twoja historia wyników
Nie rozwiązałeś tego quizu